000 00243nam a2200109Ia 4500
999 _c8984
_d8984
020 _a9788179920855
100 _aRamkishen Y
245 0 _aNew Perspective on Rural Marketing
260 _aNew York
_bAddison
_c1996
300 _a984
942 _cBK